02794nam a2200325M 450000100190000000500170001900800410003602000180007703500220009503500240011704000340014104100130017505000290018810000280021724000370024524500790028226000290036130000230039052009420041352008130135561000440216865000430221265000400225565000280229565000380232365000260236165500230238765500250241070000330243599110705225050619620251020123920.0200916t20202019nyub e 000 1 eng d a9782290233795 a(OCoLC)1260634253 a(OCoLC)on1260634253 aTXHLCbengerdacTXHLCdOCLCO afreheng aPR9639.4 M876bT221 2018 aMorris, Heathereauthor aTattooist of Auschwitz.lFrench.10aLe tatoueur d'Auschwitzc/ Heather Morris ; translated by Jocelyne Barsse. aParis :bJ'ai Lu,c2018. a318 pages :c18 cm aL'histoire vraie d'un homme et d'une femme qui ont trouvé l'amour au coeur de l'enfer. Sous un ciel de plomb, des prisonniers défilent à l'entrée du camp d'Auschwitz. Bientôt, ils ne seront plus que des numéros tatoués sur le bras. C'est Lale, un déporté, qui est chargé de cette sinistre tâche. Il travaille le regard rivé au sol pour éviter de voir la douleur dans les yeux de ceux qu'il marque à jamais. Un jour, pourtant, il lève les yeux sur Gita, et la jeune femme devient sa lumière dans ce monde d'une noirceur infinie. Ils savent d'emblée qu'ils sont faits l'un pour l'autre. Dans cette prison où l'on se bat pour un morceau de pain et pour sauver sa vie, il n'y a pas de place pour l'amour. Ils doivent se contenter de minuscules moments de joie, qui leur font oublier le cauchemar du quotidien. Mais Lale fait une promesse à Gita : un jour, ils seront libres et heureux de vivre ensemble. aThe true story of a man and a woman who found love in the heart of hell. Under a heavy sky, prisoners march toward the gates of Auschwitz. Soon, they will be nothing more than numbers tattooed on their arms. Lale, himself a deportee, is tasked with this grim duty. He keeps his eyes fixed on the ground to avoid seeing the pain in the faces of those he marks forever. One day, though, he looks up—and meets Gita. She becomes his light in a world of endless darkness. From that moment, they know they are meant for each other. In this place where people fight for a crust of bread and for their very lives, there is no room for love. They must cling to fleeting moments of joy that make them forget the daily nightmare. But Lale makes Gita a promise: one day, they will be free and live happily together. 0aAuschwitz (Concentration camp)vFiction 0aHolocaust, Jewish (1939-1945)vFiction 0aWorld War, 1939-1945xJewsvFiction 0aTattoo artistsvFiction 0aMan-woman relationships vFiction 0aJewszPolandvFiction 0aHistorical fiction 0aBiographical fiction aBarsse, Jocelyneetranslator